1839 1435 1400 1156 2000 1106 1595 1447 1663 1442 1300 1688 1987 1372 1932 1466 1726 1405 1941 1142 1704 1736 1418 1538 1717 1949 1391 1326 1525 1796 1952 1226 1163 1805 1193 1044 1196 1195 1963 1696 1712 1696 1279 1481 1720 1260 1539 1350 1118 1806 1102 1209 1631 1913 1137 1272 1252 1953 1989 1335 1710 1381 1082 1951 1886 1514 1607 1286 1127 1830 1808 1114 1068 1591 1500 1767 1522 1458 1879 1807 1164 1753 1042 1008 1238 1434 1940 1104 1615 1066 1622 1324 1981 1749 1191 1624 1876 1127 1416 BCNSPRNW ULIB Ver.6.0+V

เปลี่ยนเป็นภาษาไทย

Change to English
 แสดงรายละเอียดบรรณานุกรม
  กลับหน้าหลัก

Brief Record : Get Marc (ISO 2709) : E-mail record : QR code < ปิดหน้าต่าง
LEADER : 00000nam 2200000uu 4500
001    13399127954
003     ULIB
008    211117s2563||||th 000 0 tha d
020 ^- ^a9786160040995
050 ^- ^aนว.^bฌ652ล
100 0^ ^aเฌอนมไข่มุก.
245 10 ^aเล่ห์รักเมฆา /^cเฌอนมไข่มุก.
250 ^- ^aพิมพ์ครั้งแรก.
260 ^- ^aกรุงเทพฯ :^bSugar Beat,^c2563
300 ^- ^a608 หน้า.
945    ^p420^l0^i008543
999    ^aประนอม เกษจรัล
รายการนี้ยังไม่มีแท็ก
คุณยังไม่ได้ล็อกอิน คุณสามารถมีกิจกรรมร่วมกับเว็บไซต์ได้ แต่ต้องล็อกอินก่อน ::
  ล็อกอิน

รายการสื่อสารสนเทศ

ลำดับที่ ประเภท เลขเรียก/บาร์โค้ด สถานที่ สถานะ
1. นวนิยาย
นวนิยาย
นว. ฌ652ล ฉ.1 
  Barcode: 008543
ห้องสมุดวิทยาเขตสวรรค์ประชารักษ์
►นวนิยาย
ถูกยืม กำหนดส่งวันที่ 10 สิงหาคม 2566
  จอง

รายการใกล้เคียง
    ผู้แต่ง [เฌอนมไข่มุก.]

BibComment


ยังไม่เคยถูกคอมเมนท์

คอมเมนท์ทรัพยากรรายการนี้
  คอมเมนท์: เล่ห์รักเมฆา เฌ..


 Copyright 2026. Bcnsprnw @Library